| 000 | 01082nam a2200301Ia 4500 | ||
|---|---|---|---|
| 003 | OSt | ||
| 005 | 20221007123435.0 | ||
| 006 | a|||||r|||| 00| 0 | ||
| 007 | ta | ||
| 008 | 221006b |||||||| |||| 00| 0 eng d | ||
| 020 |
_a8178086875 (pbk) _cRs.195.00 |
||
| 024 | _a11215 | ||
| 037 |
_bN R, _cTextual |
||
| 040 |
_aPAPL _cPAPL _beng |
||
| 041 |
_2eng _aeng |
||
| 082 | _aD65,8(B)2:4, N3 | ||
| 100 | _aMano M Morris | ||
| 245 | 0 | _aComputer system architecture by M Morris Mano | |
| 250 | _aEd 3 | ||
| 260 |
_aDelhi _bPearson Education (Singapore)Pvt. Ltd. _c1993 |
||
| 300 |
_axviii, 525p _ccm. |
||
| 500 | _a (Reprinted in 2003); ; Includes bibliographical references; Index 515-525p; ^n23/CSL/CARPA/2003-2004/984^d2003-11-10^mPurchase; ; 2003-04/536^b2003-12-03^c106/03^d2003-11-24^eRs.4,321.00^fN R Book Distributors; ; 2004-01-23^bSB^c2004-01-23^dVinay | ||
| 650 | _a Architecture | ||
| 650 |
_a Assembly Language _9717227 |
||
| 650 | _aComputer | ||
| 942 |
_hD65,8(B)2:4, N3 _cTEXL _2CC |
||
| 999 |
_c1211885 _d1211885 |
||